Famous People Who Died in Air Accidents - Statistics

General Stats
  • This quiz has been taken 616 times
    148 since last reset
  • The average score is 9 of 19
Answer Stats
Accident Hint Person % Correct
1937 The first female aviator to fly solo across the Atlantic Ocean Amelia Earhart
90%
1997 "Take Me Home, Country Roads" John Denver
79%
2020 Lakers shooting guard Kobe Bryant
78%
1959 The Day the Music Died Buddy Holly
75%
1968 The first human to journey into outer space Yuri Gagarin
69%
1999 Founded George magazine and was son of a president John F. Kennedy, Jr.
66%
1967 Died before "Dock of the Bay" could be released Otis Redding
66%
1959 The Day the Music Died Ritchie Valens
58%
1959 The Day the Music Died The Big Bopper
54%
2001 Known as the "Queen of Urban Pop" Aaliyah
40%
1944 Big-band trombonist and bandleader in the swing era Glenn Miller
38%
1928 First through the Northwest Passage and South Pole Roald Amundsen
38%
1973 American folk and rock singer-songwriter of "Time in a Bottle" Jim Croce
34%
1963 One of the first country singers to succeed in pop ("Crazy") Patsy Cline
33%
1990 3-named Texan blues guitarist of the band Double Trouble Stevie Ray Vaughan
28%
1999 Golfer who won eleven PGA Tour events Payne Stewart
20%
1969 Held the world heavyweight boxing title from 1952 to 1956 Rocky Marciano
19%
1982 Guitarist for Ozzy Osbourne Randy Rhoads
18%
2015 Wrote acclaimed scores, like "Alien," ''Titanic," and "Avatar" James Horner
6%
No matching quizzes found
Score Distribution
Percent of People with Each Score
Percentile by Number Answered
Your Score History
You have not taken this quiz since the last reset